000 00523cam a22002291 4500
001 sa 68011367
003 DLC
005 20260227112559.0
008 950303s1967 ii 000 0 beno
010 _asa 68011367
025 _aPL480:EP-B-1662
035 _a(OCoLC)32084009
040 _aDLC
_cCU
_dCU
_dDLC
042 _apremarc
050 0 0 _aBP166.2
_b.A45
100 1 _aAli, Shahed.
245 1 0 _aTaohīda.
260 _c[1967]
300 _a30 p.
_c22 cm.
500 _aIn Bengali.
650 0 _aGod (Islam).
999 _c83840
_d83840